000 00345nam a2200145Ia 4500
005 20251222153648.0
008 251222s9999||||xx |||||||||||||| ||spa||
020 _a8496280012
082 _a929.76/P78
100 _aPortocarreo, Angela
245 0 _aTú Serás mi Reina
250 _a1ra.ed.
264 _bEspejo de Tinta, S.L.
942 _cLIB
999 _c33020
_d33020